000 00263nam a2200133Ia 4500
100 _aPalani/S
942 _cBK
366 _f20
245 _aBasic system analysis
260 _bAne Books
_c2011
082 _a621.3
_bPAL
546 _aENGLISH
_cTTL
999 _c20787
_d20787